| 000 | 01107cam a22003251 4500 | ||
|---|---|---|---|
| 999 |
_c18483 _d18483 |
||
| 001 | 1702569 | ||
| 003 | BDDh-ASL | ||
| 005 | 20231015025717.0 | ||
| 008 | 700820s1968 enkacfh b 000 0 eng | ||
| 010 | _a 68010689 | ||
| 015 | _aB68-07267 | ||
| 020 | _a0521057779 | ||
| 040 |
_aDLC _cDLC _dBDDh-ASL |
||
| 043 |
_aa-ii--- _ae-uk--- |
||
| 050 | 0 | 0 |
_aPK109.J6 _bM8 |
| 082 | 0 | 0 |
_a929.7 _bMUS |
| 100 | 1 |
_aMukherjee, S. N. _q(Soumyendra Nath) |
|
| 245 | 1 | 0 |
_aSir William Jones: a study in eighteenth-century British attitudes to India/ _cby S. N. Mukherjee. |
| 260 |
_aLondon: _bCambridge U.P., _c1968. |
||
| 300 |
_aviii, 199 p. : _b3 plates, illus., facsims., 2 ports. ; _c23 cm. |
||
| 350 | _a50/- | ||
| 440 | 0 |
_aCambridge South Asian studies, _v6 |
|
| 504 | _aBibliography: p. 179-194. | ||
| 600 | 1 | 0 |
_aJones, William, _d1746-1794. |
| 650 | 0 |
_aIndologists _zGreat Britain _xBiography. |
|
| 650 | 0 |
_aSanskritists _zGreat Britain _xBiography. |
|
| 651 | 0 |
_aIndia _xStudy and teaching _zGreat Britain _xHistory _y18th century. |
|
| 906 |
_a7 _bcbc _corignew _du _encip _f19 _gy-gencatlg |
||
| 942 |
_2ddc _cBK |
||